| 000 | 00671pam a2200193 a 4500 | ||
|---|---|---|---|
| 020 | _a0205272215 | ||
| 082 | 0 | 0 |
_a808.0666 _bHOU _cD |
| 100 | 1 | _aHoup, Kenneth W., | |
| 245 | 1 | 0 |
_aReporting technical information / _cKenneth W. Houp, Thomas E. Pearsall, Elizabeth Tebeaux ; contributing authors, San Dragga, Janice C. Redish. |
| 250 | _a9th ed. | ||
| 260 |
_aBoston : _bAllyn and Bacon, _cc1998. |
||
| 300 |
_axxvii, 700 p. : _bill. (some col.) ; _c24 cm. |
||
| 526 |
_a0 _b0 _c0 _d808_066600000000000_HOU |
||
| 650 | 0 |
_aMCE _9379 |
|
| 650 | 0 |
_aTechnical writing. _97391 |
|
| 700 | 1 |
_aPearsall, Thomas E. _946285 |
|
| 700 | 1 |
_aTebeaux, Elizabeth. _946286 |
|
| 942 |
_2ddc _cBK |
||
| 999 |
_c549655 _d549655 |
||